[Event "Madurai Athens of the East op-B 4th"]
[Site "Madurai"]
[Date "2024.12.24"]
[Round "2"]
[White "Athul, M."]
[Black "Alex, Thomas K"]
[Result "1-0"]
[WhiteElo "1700"]
[BlackElo "1972"]
[PlyCount "140"]
[EventDate "2024.12.24"]
[EventType "swiss"]
[EventRounds "10"]
[EventCountry "IND"]
[SourceTitle "CB02_2025"]
[SourceDate "2025.01.08"]
[SourceVersion "1"]
[SourceVersionDate "2025.01.08"]
[SourceQuality "1"]

1. d4 Nf6 2. c4 g6 3. Nf3 Bg7 4. g3 0-0 5. Bg2 d6 6. 0-0 Nc6 7. Nc3 a6 8. h3 Bd7 9. e4 e5 10. dxe5 dxe5 11. Be3 Qc8 12. Kh2 Be6 13. Qe2 h6 14. Rfd1 Re8 15. Rac1 Nd7 16. Qd2 Kh7 17. Nd5 f5 18. exf5 gxf5 19. Nh4 Nd4 20. Bxd4 exd4 21. Nf4 Ne5 22. Nxe6 Qxe6 23. Bxb7 Rab8 24. Bd5 Qf6 25. b3 c6 26. Bg2 Rbd8 27. Qf4 c5 28. Qxf5+ Qxf5 29. Nxf5 a5 30. f4 Nf7 31. Re1 Bf8 32. Be4 Kh8 33. Rcd1 Nd6 34. Nxd6 Rxd6 35. Bd5 Rb8 36. Re6 a4 37. Rxd6 Bxd6 38. Rd3 Re8 39. Rd2 a3 40. Kg2 Re1 41. Kf2 Ra1 42. Be4 Bc7 43. Re2 Ba5 44. Bd3 Bc3 45. f5 Kg7 46. Re7+ Kf6 47. Re6+ Kf7 48. Ra6 Rxa2+ 49. Kf3 Be1 50. Kg4 Rg2 51. Ra7+ Kf8 52. Be4 Rxg3+ 53. Kf4 Re3 54. Bd5 Bg3+ 55. Kg4 Be5 56. f6 Bxf6 57. Rf7+ Ke8 58. Rxf6 h5+ 59. Kf4 Rxb3 60. Ra6 Rxh3 61. Bf3 Rh2 62. Rxa3 Rc2 63. Bxh5+ Ke7 64. Ra4 Ke6 65. Ra6+ Ke7 66. Ra7+ Kd6 67. Bf7 Rf2+ 68. Ke4 Re2+ 69. Kd3 Re3+ 70. Kd2 Rh3 1-0